000 00548nam a2200205Ia 4500
003 LK-CoDNM
005 20241205121710.0
008 010623t1979 xxu||||| |||| 00| 1 sin d
040 _aLK-CoDNM
_dLK-CoDNM
_eLK-CoDNM
041 _asin
080 _a8 C.09
_bPRE
100 _aPremarathna, K.G.
245 _aනව කවි සරණිය විචාරය
246 _aNawa kavi saraniya vicharaya
260 _bPradeepa publication
_aColombo
_c1979
300 _b91p. ; 21 cm
650 _aLiterature
650 _a1979
942 _cBK
999 _c110983
_d110983